1920 1071 1874 1632 1340 1973 1786 1228 1357 1346 1354 1911 1430 1499 1520 1482 1410 1977 1341 1667 1940 1711 1566 1774 1654 1127 1400 1415 1706 1483 1010 1665 1520 1703 1249 1542 1009 1916 1192 1499 1809 1854 1666 1038 1182 1597 1488 1613 1904 1869 1686 1343 1663 1270 1948 1701 1397 1965 1824 1434 1525 1199 1293 1021 1127 1350 1300 1507 1952 1819 1547 1655 1075 1006 1622 1905 1471 1159 1917 1961 1070 1857 1004 1335 1141 1856 1674 1632 1129 1648 1077 1898 1657 1312 1238 1617 1585 1680 1837 BCNSPRNW ULIB Ver.6.0+V

เปลี่ยนเป็นภาษาไทย

Change to English
 แสดงรายละเอียดบรรณานุกรม
  กลับหน้าหลัก

Brief Record : Get Marc (ISO 2709) : E-mail record : QR code < ปิดหน้าต่าง
LEADER : 00000nam 2200000uu 4500
001    13399112142
003     ULIB
008    110714s2552||||th 000 0 tha d
020    9786117138065
090    นว.^bอ655ส 2552
100 0  อาริตา
245 00 สุภาพบุรุษเถื่อน/^cอาริตา
250    พิมพ์ครั้งที่ 1
260    กรุงเทพฯ :^bลีลา,^c2552
300    316 หน้า
710 1  ลีลา
945    ^p220^l0^i026038
995    ทศพร
999     ^aใช้งานได้ทุกระบบ
รายการนี้ยังไม่มีแท็ก
คุณยังไม่ได้ล็อกอิน คุณสามารถมีกิจกรรมร่วมกับเว็บไซต์ได้ แต่ต้องล็อกอินก่อน ::
  ล็อกอิน

รายการสื่อสารสนเทศ

ลำดับที่ ประเภท เลขเรียก/บาร์โค้ด สถานที่ สถานะ
- ไม่พบข้อมูล -

รายการใกล้เคียง
    ผู้แต่ง [อาริตา]

BibComment


ยังไม่เคยถูกคอมเมนท์

คอมเมนท์ทรัพยากรรายการนี้
  คอมเมนท์: สุภาพบุรุษเถื่อน ..


 Copyright 2026. Bcnsprnw @Library